| 000 | 00480nam a2200193Ia 4500 | ||
|---|---|---|---|
| 005 | 20240823021125.0 | ||
| 008 | 240823s9999||||xx |||||||||||||| ||und|| | ||
| 020 | _a81-85240-68-X | ||
| 041 | _aENGLISH | ||
| 082 | _A629.136 N9 | ||
| 100 | _aKhanna S K et al. | ||
| 245 | 0 | _aAirport Planning and Design | |
| 250 | _a6th | ||
| 260 |
_c1999 _b"New Chand,Roorkee " |
||
| 500 | _aYES | ||
| 650 |
_aAirport Planning _bAeronautical Engineering |
||
| 942 | _cBK | ||
| 999 |
_c176340 _d176340 |
||